• 首页
  • 本馆介绍
  • 公告通知
  • 最新文献
  • 馆藏检索
  • 电子资源
  • 读者导购
  • 参考咨询
  • 我的图书馆
  • 登录
  • 详细信息显示
  • 放入我的书架
  • 预约/预借图书
  • 作者相关作品
  • 分类相关作品
  • 丛书相关作品
  • 出版社相关作品

书目信息

  • 表格格式
  • 工作单格式
  • 卡片格式
题名:
楝亭集
    
 
作者: 曹寅 撰
分册: 二  
出版信息: 上海   上海古籍出版社  1978.12
页数: 1册
开本: 19.5*13cm
丛书名: 清人别集丛刊
单 册:
中图分类: I215.2
科图分类:
主题词: 文学--作品集--中国
电子资源:
ISBN:
000 00717nam0 2200253 450
001 0659388812
005 20061024163712.85
010    @b线装@dCNY11.50(函)
091    @a10186.52
100    @a20061024d1978 km y0chiy0120 ea
101 0  @achi
102    @aCN@b310000
200 1  @a楝亭集@Alian ting ji@h二@f(清)曹寅撰@F(qing)cao yin zhuan
210    @a上海@c上海古籍出版社@d1978.12
215    @a1册@d19.5*13cm
225 2  @a清人别集丛刊
300    @a四册一函
305    @a据上海图书馆藏清康熙刻本影印,原书版框高190毫米,宽140毫米
410  0 @12001 @a清人别集丛刊
606 0  @a文学@x作品集@x中国
690    @aI215.2@v3
701  0 @a曹寅@Acao yin@4撰
801  0 @aCN@bPFT@c20061024
905    @a10447@dI215.2@e3:2
    
    楝亭集.二/(清)曹寅撰.-上海:上海古籍出版社,1978.12
    1册;19.5*13cm.-(清人别集丛刊)
    四册一函
    
    ISBN (线装):CNY11.50(函)
    
●
相关链接 在E读中查询图书 在五车中查询图书 在当当中查询图书 在豆瓣中查询图书


正题名:楝亭集     索取号:I215.2/3:2         预约/预借

序号 登录号 条形码 馆藏地/架位号 状态 备注
1 0014522   202373500   古籍典藏专区/ [索取号:I215.2/3:2] 在馆    
唐山师范学院图书馆 欢迎您!
大连网信软件有限公司© 版权所有